Teoría y problemas de transformadas de Laplace
সংরক্ষণ করুন:
| প্রধান লেখক: | |
|---|---|
| বিন্যাস: | গ্রন্থ |
| ভাষা: | স্প্যানিশ |
| প্রকাশিত: |
Ciudad de México
McGraw-Hill
1971
|
| মালা: | Serie de Compendios Schaum
|
| বিষয়গুলি: | |
| ট্যাগগুলো: |
ট্যাগ যুক্ত করুন
কোনো ট্যাগ নেই, প্রথমজন হিসাবে ট্যাগ করুন!
|
MARC
| LEADER | 00000nam a2200000 a 4500 | ||
|---|---|---|---|
| 001 | UCV4167 | ||
| 003 | CL-VaPUC | ||
| 008 | 900613e19710000MX |||||||||||||||||spa|d | ||
| 082 | 0 | 4 | |a 515.723 |b SPI |2 21 |
| 100 | 0 | |a Spiegel, Murray R |e author |9 366 | |
| 245 | 1 | 0 | |a Teoría y problemas de transformadas de Laplace |
| 300 | |a 261 p | ||
| 942 | |c BK | ||
| 945 | |d 19900613 00:00:00 |a mfernand | ||
| 260 | |a Ciudad de México |b McGraw-Hill |c 1971 | ||
| 650 | 0 | |a Transformaciones de Laplace |9 260072 | |
| 650 | 0 | |a Problemas, ejercicios, etc |9 259377 | |
| 583 | |a last modification |c 19900613 00:00:00 |k Rodrigo Vera | ||
| 490 | 0 | |a Serie de Compendios Schaum | |
| 999 | |c 211136 |d 211134 | ||
| 952 | |0 0 |1 0 |2 ddc |4 0 |6 515_723000000000000_SPI_1971 |7 0 |8 A |9 189285 |a BIBMEC |b BIBMEC |d 2019-11-14 |i 2569124 |o 515.723 SPI 1971 |p 2569124 |r 2024-01-19 |w 2019-11-14 |y BK_P |k MEC | ||
| 952 | |0 0 |1 0 |2 ddc |4 0 |6 515_723000000000000_SPI_1971 |7 0 |8 A |9 189287 |a BIBING |b BIBING |c GEN |d 2019-11-14 |i 2569159 |o 515.723 SPI 1971 |p 2569159 |r 2025-01-20 |w 2019-11-14 |y BK |k ING | ||
| 952 | |0 0 |1 0 |2 ddc |4 0 |6 515_723000000000000_SPI_1971 |7 0 |8 A |9 189288 |a BIBING |b BIBING |c GEN |d 2019-11-14 |i 2569167 |o 515.723 SPI 1971 |p 2569167 |r 2025-01-20 |w 2019-11-14 |y BK |k ING | ||
| 952 | |0 0 |1 0 |2 ddc |4 0 |6 515_723000000000000_SPI_1971 |7 0 |8 A |9 189289 |a BIBING |b BIBING |c GEN |d 2019-11-14 |i 2569175 |o 515.723 SPI 1971 |p 2569175 |r 2025-01-20 |w 2019-11-14 |y BK |k ING | ||
| 952 | |0 0 |1 0 |2 ddc |4 0 |6 515_723000000000000_SPI_1971 |7 0 |8 A |9 189291 |a BIBING |b BIBING |c GEN |d 2019-11-14 |i 1719807 |o 515.723 SPI 1971 |p 1719807 |r 2025-01-20 |w 2019-11-14 |y BK |k ING | ||
| 952 | |0 0 |1 0 |4 0 |6 515_723000000000000_SPI_1971 |7 0 |8 A |9 189292 |a BIBMAT |b BIBMAT |d 2019-11-14 |i 1492829 |o 515.723 SPI 1971 |p 1492829 |r 2025-01-07 |w 2019-11-14 |y BK |k MAT | ||